| 000 | 00993nam a2200241 a 4500 | ||
|---|---|---|---|
| 001 | 000034918 | ||
| 005 | 20260209080119.0 | ||
| 008 | 111021s1966 sp 000 0 spa d | ||
| 040 |
_aDO-SdBNP _bspa _cBNPHU |
||
| 082 |
_a460.7 _bB151b |
||
| 100 | 1 |
_aBahner, Werner _960487 |
|
| 240 | 1 | 0 |
_aBeitrag zum Sprachbewusstein in der spanischen Literatur des XVI.und XVII. Jahrhunderts. _lEspañol |
| 245 | 1 | 3 |
_aLa lingüística española del siglo de oro : _baportaciones a la conciencia lingüística en la España de los siglos XVI y XVII / _cWerner Bahner; traducido por Jesús Munárriz Peralta. |
| 260 |
_aMadrid : _bCiencia nueva, _c1966. |
||
| 300 |
_a202 p. : _bretrato ; _c22 cm. |
||
| 490 | 1 | _aColección A5 | |
| 504 | _aIncluye referencias bibliográficas y notas al pie de las páginas | ||
| 650 | 4 |
_aEspañol _xHistoria _93903 |
|
| 650 | 0 |
_aEspañol _95058 |
|
| 700 | 1 | 2 |
_aMunárriz Peralta, Jesús _960488 |
| 830 | 0 |
_aColección A5 _960489 |
|
| 910 | _aValidado. Control de calidad MFF | ||
| 999 |
_c34409 _d34409 |
||